| 000 | 00000nam##2200000za#4500 |
| 001 | 9.662795 |
| 003 | CaOODSP |
| 005 | 20200401051041 |
| 007 | ta |
| 008 | 150407|2001||||xxc||||| f|0| 0 eng|d |
| 020 | |a0-662-65741-1 |
| 040 | |aCaOODSP|beng |
| 041 | |aeng |
| 041 | |afre |
| 043 | |an-cn--- |
| 086 | 1 |aMR21-25/2001 |
| 110 | 2 |aCanadian Institutes of Health Research. |
| 245 | 10|aPersonal Information Protection and Electronic Documents Act : |bquestions and answers for health researchers |
| 260 | |aOttawa - Ontario : |bCanadian Institutes of Health Research |c2001. |
| 300 | |aVarious pagings. ; |c28 cm. |
| 546 | |aBilingual |
| 563 | |aSoftcover |
| 590 | |a01-18|b2001-05-04 |
| 690 | 07|aElectronic documents|2gcpds |
| 690 | 07|aMedical research|2gcpds |
| 690 | 07|aPrivacy|2gcpds |
| 776 | 0#|tPersonal Information Protection and Electronic Documents Act : |w(CaOODSP)9.686064 |
| 776 | 0#|tLoi sur la protection des renseignements personnels et les documents électroniques : |w(CaOODSP)9.630600 |
| 792 | |tLoi sur la protection des renseignements personnels et les documents électroniques : |efre|w(CaOODSP)9.662796 |